La economía colombiana : (Registro nro. 5617)

Detalles MARC
000 -LEADER
fixed length control field 01242nam a2200289Ia 4500
003 - CONTROL NUMBER IDENTIFIER
control field OSt
005 - DATE AND TIME OF LATEST TRANSACTION
control field 20200714130913.0
008 - FIXED-LENGTH DATA ELEMENTS--GENERAL INFORMATION
fixed length control field 191128s2015 ck ad gr 000 0 spa d
020 ## - INTERNATIONAL STANDARD BOOK NUMBER
International Standard Book Number 9589768164
040 ## - CATALOGING SOURCE
Original cataloging agency CO-JMCR
Transcribing agency CO-JMCR
041 0# - LANGUAGE CODE
Language code of text/sound track or separate title spa
082 04 - DEWEY DECIMAL CLASSIFICATION NUMBER
Classification number 330.986 /
Item number G192e
Edition number 23
100 ## - MAIN ENTRY--PERSONAL NAME
Personal name Gamboa Ardila, Néstor Raúl, autor
9 (RLIN) 7197
245 13 - TITLE STATEMENT
Title La economía colombiana :
Remainder of title del modelo de protección al modelo de apertura /
Statement of responsibility, etc. Néstos Raúl Gamboa Ardila
250 ## - EDITION STATEMENT
Edition statement Primera edición
260 ## - PUBLICATION, DISTRIBUTION, ETC.
Place of publication, distribution, etc. Medellín :
Name of publisher, distributor, etc. Universidad de Medellín,
Date of publication, distribution, etc. 2005.
300 ## - PHYSICAL DESCRIPTION
Extent 252 páginas :
Other physical details gráficos a blanco y negro,
Dimensions 23 cm.
500 ## - GENERAL NOTE
General note Incluye datos biográficos del autor en la solapa.
505 0# - FORMATTED CONTENTS NOTE
Formatted contents note La economía entre 1930 y 1945 -- Desarrollo económico y protección -- Crecimiento económico desarrollo -- El modelo exportador -- Política económica de orientación neoliberal -- Un nuevo modelo de desarrollo -- Hacia una economía de mercado
650 14 - SUBJECT ADDED ENTRY--TOPICAL TERM
Topical term or geographic name entry element Economía colombiana
9 (RLIN) 7198
650 24 - SUBJECT ADDED ENTRY--TOPICAL TERM
Topical term or geographic name entry element Modelos económicos
9 (RLIN) 7199
650 24 - SUBJECT ADDED ENTRY--TOPICAL TERM
Topical term or geographic name entry element Proteccionismo
9 (RLIN) 7200
650 24 - SUBJECT ADDED ENTRY--TOPICAL TERM
Topical term or geographic name entry element Liberalización del intercambio
9 (RLIN) 2095
650 24 - SUBJECT ADDED ENTRY--TOPICAL TERM
Topical term or geographic name entry element Estructura económica
9 (RLIN) 6843
650 24 - SUBJECT ADDED ENTRY--TOPICAL TERM
Topical term or geographic name entry element Apertura económica
9 (RLIN) 2295
942 ## - ADDED ENTRY ELEMENTS (KOHA)
Source of classification or shelving scheme Dewey Decimal Classification
Koha item type Books
Existencias
Withdrawn status Lost status Source of classification or shelving scheme Materials specified (bound volume or other part) Damaged status Not for loan Home library Current library Shelving location Date acquired Source of acquisition Full call number Barcode Date last seen Copy number Price effective from Koha item type Total Checkouts
    Dewey Decimal Classification Donación--15/04/2018--     Biblioteca Pública José María del Castillo y Rada Biblioteca Pública José María del Castillo y Rada General Stacks 11/28/2019 Donación 330.986 / G192e 430002640 05/16/2024 Ej.3 11/28/2019 Books  
    Dewey Decimal Classification Donación--15/04/2018--     Biblioteca Pública José María del Castillo y Rada Biblioteca Pública José María del Castillo y Rada General Stacks 11/28/2019 Donación 330.986 / G192e 430002641 05/16/2024 Ej.2 11/28/2019 Books  
    Dewey Decimal Classification Donación--15/04/2018--     Biblioteca Pública José María del Castillo y Rada Biblioteca Pública José María del Castillo y Rada General Stacks 11/28/2019 Donación 330.986 / G192e 430002642 05/16/2024 Ej.1 11/28/2019 Books